El D.L. Nº 2.695 de 1979 ante la jurisprudencia
Zapisane w:
| 1. autor: | |
|---|---|
| Format: | Książka |
| Język: | hiszpański |
| Wydane: |
Santiago
Metropolitana
2002
|
| Hasła przedmiotowe: | |
| Etykiety: |
Dodaj etykietę
Nie ma etykietki, Dołącz pierwszą etykiete!
|
MARC
| LEADER | 00000nam a2200000 a 4500 | ||
|---|---|---|---|
| 001 | UCM5000 | ||
| 003 | CL-VaPUC | ||
| 008 | 020927e20020000CL |||||||||||||||||spa|d | ||
| 082 | 0 | 4 | |a 346.830436 |b SEP |2 21 |
| 100 | 0 | |a Sepúlveda Larroucau, Marco Antonio |e author |9 471264 | |
| 245 | 1 | 3 | |a El D.L. Nº 2.695 de 1979 ante la jurisprudencia |
| 300 | |a 163 p | ||
| 942 | |c BK | ||
| 945 | |d 20020927 00:00:00 |a vberengu | ||
| 260 | |a Santiago |b Metropolitana |c 2002 | ||
| 650 | 0 | |a Propiedad |9 255268 | |
| 650 | 0 | |a Jurisprudencia |9 255952 | |
| 650 | 7 | |a TIERRAS |2 CL-VaPUC |9 357983 | |
| 651 | 7 | |a CHILE |2 CL-VaPUC |9 471265 | |
| 583 | |a last modification |c 20130620 06:44:01 |k Rodrigo Vera | ||
| 999 | |c 301305 |d 301303 | ||
| 952 | |0 0 |1 0 |4 0 |6 346_830436000000000_SEP_2002 |7 0 |8 A |9 360137 |a BIBDER |b BIBDER |d 2019-11-21 |i 3837807 |o 346.830436 SEP 2002 |p 3837807 |r 2023-01-25 |w 2019-11-21 |y BK |k DER | ||